000 00720nam a2200229Ia 4500
003 OSt
005 20251210142951.0
008 210716s2015 xx 000 0 und d
020 _a978110751818
040 _cAIMIT LIBRARY
041 _aeng
082 _a005.762
_bZAFR
100 _aZafarani, Reza.
_9248644
245 _aSocial media mining :
_ban introduction /
_cBy Reza Zafarani, Mohammad Ali Abbasi and Huan Liu.
250 _a1st ed.
260 _aNew Delhi :
_bCambridge University Press ,
_c2015.
300 _axvi,320 p.;
_bPB
_c24.5 cm.
650 _aGraph essentials
_9248645
650 _aNetwork models
_9248646
650 _aCommunities and interactions
_9248647
942 _2ddc
_cBK
_e1
_k005.762 ZAFR
999 _c196152
_d196152